The miroprocessor and its application

Na minha lista:
Detalhes bibliográficos
Formato: Livro
Idioma:Undetermined
Publicado em: Cambridge Cambridge University Press 1978
Assuntos:
Tags: Adicionar Tag
Sem tags, seja o primeiro a adicionar uma tag!
Thư viện lưu trữ: Trung tâm Học liệu Trường Đại học Cần Thơ
LEADER 00479nam a2200169Ia 4500
001 CTU_82705
008 210402s9999 xx 000 0 und d
082 |a 621.381 
082 |b M619 
245 4 |a The miroprocessor and its application 
245 0 |c D. Aspinall ... [ et al. ] 
260 |a Cambridge 
260 |b Cambridge University Press 
260 |c 1978 
650 |a Microprocessors 
904 |i QHieu(sửa) 
980 |a Trung tâm Học liệu Trường Đại học Cần Thơ